000 00933nas a2200313 4500
001 BR9700053
003 BR-BrBNA
005 20231205095954.0
007 ta
008 230509b bl.|||p| |||| 00| 00por d
040 _aBR-BrBNA
_bpor
_cBiblioteca Nacional de Agricultura
041 _a(Pt)
072 _aF01
100 1 _aAbrahao, E.
100 1 _aRegina, M.A.
100 1 _aAlvarenga, A.A.
100 1 _aOliveira, N.C.
245 1 _a"Couderc 13 e seyve villard 12375" cultivares de videiras para a producao de vinhos brancos na regiao de Caldas-MG
650 _aUva
650 _aViticultura
650 _aVideira
650 _aPratica Cultural
650 _aVariedade
650 _aVinho
650 _aMinas Gerais
773 0 _tBoletim Tecnico da Escola Superior de Agricultura de Lavras (Brazil)
_x
_g(1993), no. 17 p. 21-32
_wBR9700053
909 _a202311
_bLúcia
_c55
_dLúcia Elande
942 _2AGRIS
_n0
_cANA
999 _c153750
_d153750